| 000 | 01068nam a2200241Ia 4500 | ||
|---|---|---|---|
| 999 |
_c34831 _d34831 |
||
| 001 | 642 | ||
| 003 | GE_BSU | ||
| 005 | 20220921101743.0 | ||
| 008 | 181216s1994||||ge |||||||||||||| ||geo|| | ||
| 020 | _a5520015627 | ||
| 040 | _cGE_BSU | ||
| 041 | _ageo | ||
| 080 | _a37.04(=353.1) კ–24 | ||
| 100 |
_aკაპანაძე, ნათელა _914650 |
||
| 245 |
_aბავშვის აღზრდის ქართული ხალხური ტრადიციები / _c[რედ.: ვ. ითონიშვილი] ; საქ. მეცნ. აკად., ისტორიისა და ეთნ. ინ-ტი. |
||
| 264 |
_aთბილისი : _bმეცნიერება, _c1994. |
||
| 300 |
_a130 გვ.; _b20 სმ. |
||
| 520 | _aრეზ. რუს. ენ. | ||
| 653 | _aბავშვის აღზრდა | ||
| 653 | _aქართული ხალხური ტრადიციები. | ||
| 700 |
_aითონიშვილი, ვ. _eრედაქტორი _93884 |
||
| 942 |
_cBK _2udc |
||